[Event "2016 Standard Chess Dropout Tournament, Round 1"]
[Site "SchemingMind.com"]
[Date "2015.11.11"]
[Round "1"]
[White "thebirdolux"]
[Black "Helga1946"]
[Result "1/2-1/2"]
[WhiteCountry "USA"]
[BlackCountry "GER"]
[WhiteElo "2462"]
[WhiteRD "91"]
[BlackElo "2336"]
[BlackRD "71"]
[GameID "390103"]

1. e4 e5 2. Nf3 Nc6 3. Bb5 a6 4. Ba4 Nf6 5. O-O Nxe4 6. d4 b5 7. Bb3 d5 8. dxe5 Be6 9. Nbd2 Nc5 10. c3 Bf5
11. Bc2 Bxc2 12. Qxc2 Be7 13. Rd1 Nd7 14. Re1 O-O 15. Nb3 Re8 16. a4 Qb8 17. e6 fxe6 18. Rxe6 bxa4 19. Rxa4 Bd6 20. Rxe8+ Qxe8
21. Qd3 Nf6 22. Rxa6 Rb8 23. Qd1 Ne5 24. Nbd4 Nxf3+ 25. Nxf3 Qe4 26. Ra1 h6 27. h3 Bc5 28. Nd4 Bxd4 29. Qxd4 Qxd4 30. cxd4 Rb4
31. Bf4 c6 32. Be5 Nd7 33. Ra8+ Kh7 34. Rc8 Nxe5 35. dxe5 Rxb2 36. Rxc6 Re2 37. Re6 d4 38. Rd6 Rxe5 39. Rxd4 h5 40. h4 Ra5
41. Rd6 Kg8 42. g3 Kf7 43. Kf1 Ra2 44. Rb6 g6=
1/2-1/2

[Event "2016 Standard Chess Dropout Tournament, Round 1"]
[Site "SchemingMind.com"]
[Date "2015.11.11"]
[Round "1"]
[White "Transcendent"]
[Black "wight knight"]
[Result "1-0"]
[WhiteCountry "ENG"]
[BlackCountry "ENG"]
[WhiteElo "1668"]
[WhiteRD "58"]
[BlackElo "1359"]
[BlackRD "58"]
[GameID "390104"]

1. d4 Nc6 2. d5 Ne5 3. e4 d6 4. f4 Nd7 5. c4 Nc5 6. Nc3 a6 7. Nf3 f6 8. Be3 Bg4 9. Be2 Bxf3 10. Bxf3 g6
11. O-O h5 12. f5 gxf5 13. Bxh5+ Kd7 14. Rxf5 Nh6 15. Bxh6 Bxh6 16. Qg4 Qg8 17. Rg5+ f5 18. Qxf5+ e6 19. dxe6+ Qxe6 20. Qxe6+ Nxe6
21. Rg3 Bg7 22. Bg4 Bxc3 23. bxc3 c5 24. Rf3 Raf8 25. Raf1 Rxf3 26. Rxf3 Ke7 27. Bxe6 Kxe6 28. Rf5 Rh4 29. Rg5 Rxe4 30. Rg7 Rxc4
31. Rxb7 Rxc3 32. Rb6 Ra3 33. Rb2 c4 34. Rf2 d5 35. h4 c3 36. h5 d4 37. h6 c2 38. Rxc2 Kf7 39. Rd2 Kg6 40. Rxd4 Kxh6
41. Rd2 a5 42. Kh2 Kh5 43. Rb2 Kh4 44. Rc2 Rd3 45. Rc4+ Kg5 46. Ra4 Rd5 47. g3 Rf5 48. Kh3 Rb5 49. a3 Kh5 50. Rf4 Rg5
51. g4+ Kg6 52. Rc4 Kf6 53. Rc6+ Ke7 54. Kh4 Rb5 55. Ra6 Kf7 56. g5 Kg7 57. Kh5 Kh7 58. Ra7+ Kg8 59. Kh6 Kf8 60. g6 Rf5
61. g7+ Kg8 62. Ra8+ Kf7 63. g8=Q+ Kf6 64. Qg6+ Ke5 65. Rxa5+
1-0

[Event "2016 Standard Chess Dropout Tournament, Round 1"]
[Site "SchemingMind.com"]
[Date "2015.11.14"]
[Round "1"]
[White "Udo Sprang"]
[Black "Robert Bruce"]
[Result "0-1"]
[WhiteCountry "NED"]
[BlackCountry "SCO"]
[WhiteElo "1938"]
[WhiteRD "137"]
[BlackElo "2248"]
[BlackRD "61"]
[GameID "390105"]

1. e4 Nf6 2. e5 Nd5 3. d4 d6 4. Nf3 dxe5 5. Nxe5 c6 6. Bd3 Nd7 7. O-O Nxe5 8. dxe5 Nb4 9. Be4 Qxd1 10. Rxd1 g6
11. a3 Na6 12. Be3 Bg7 13. f4 O-O 14. Nd2 Nc7 15. Nf3 f5 16. Bd3 Nd5 17. Bc4 e6 18. Bd2 Rd8 19. Be2 Bf8 20. b4 b5
21. c4 bxc4 22. Bxc4 Rb8 23. Be3 Rb7 24. g3 Be7 25. Bf2 Bd7 26. Ba6 Rc7 27. Rac1 h6 28. Nd4 Kf7 29. Ne2 Bc8 30. Bc4 Rcd7
31. Nd4 Bb7 32. Nb3 g5 33. Bc5 gxf4 34. Bxd5 cxd5 35. gxf4 Rg8+ 36. Kf2 Rg4 37. Ke3 Rh4 38. Nd4 Rh3+ 39. Kd2 Rxh2+ 40. Ke3 Rh3+
41. Kd2 Bxc5 42. bxc5 Ba6 43. Kc2 Rg3 44. Rh1 Rg6 45. Kd2 Rd8 46. Rcg1 Rdg8 47. Rxg6 Rxg6 48. Kc3 Ke8 49. Kb4 Bd3 50. c6 Kd8
51. Ka5 Kc8 52. Rh3 Bc4 53. Rh2 Bf1 54. Rb2 Rg2 55. Rb7 Rd2 56. Nxe6 Rc2 57. Rxa7 Rxc6 58. Nd4 Rc7 59. Rxc7+ Kxc7 60. Nxf5 h5
61. Ne3 Bd3 62. Nxd5+ Kd8 63. Ne3 h4 64. Ng4 Kd7 65. Kb6 Bc2 66. Kb5 Ke6 67. Kc5 h3 68. Nh2 Kf5 69. Kd4 Kxf4 70. Kc3 Bf5
71. Nf1 Kf3 72. a4 Bd7 73. a5 Kg2 74. a6 Kxf1 75. a7 Bc6
0-1

[Event "2016 Standard Chess Dropout Tournament, Round 1"]
[Site "SchemingMind.com"]
[Date "2015.11.12"]
[Round "1"]
[White "wight knight"]
[Black "dhoustonsmith"]
[Result "0-1"]
[WhiteCountry "ENG"]
[BlackCountry "USA"]
[WhiteElo "1406"]
[WhiteRD "57"]
[BlackElo "1684"]
[BlackRD "105"]
[GameID "390106"]

1. e4 d5 2. f3 c6 3. Nc3 d4 4. Nce2 e5 5. d3 Bd6 6. g3 Nf6 7. Bg5 O-O 8. Bxf6 Qxf6 9. Bh3 Bxh3 10. Nxh3 Qxf3
11. Nf2 Qg2 12. Rf1 Na6 13. Ng1 Qxh2 14. Nf3 Qxg3 15. Rg1 Qf4 16. Nd2 Qe3+ 17. Qe2 Nb4 18. Kd1 Qxe2+ 19. Kxe2 Nxc2 20. Rac1 Ne3
21. Nc4 Nxc4 22. dxc4 Rad8 23. c5 Be7 24. Ng4 d3+ 25. Kd1 Bxc5 26. Rxc5 f6 27. Kd2 h5 28. Nf2 Rd4 29. Nxd3 Rfd8 30. Rc3 Rxe4
31. Kc2 Re2+ 32. Kb3 a5 33. a4 h4 34. Rh1 g5 35. Nc1 Red2 36. Rf1 Kg7 37. Re1 R8d4 38. Re2 Rb4+ 39. Ka3 Rbxb2 40. Rxd2 Rxd2
41. Nb3 Rd5 42. Nc5 b6 43. Ne4 c5 44. Rf3 c4 45. Rxf6 Rd4 46. Rxb6 Rxe4 47. Rb5 h3 48. Rxa5 h2 49. Ra7+ Kg6 50. Ra6+ Kf5
51. a5 h1=Q 52. Rc6 Re3+ 53. Kb4 Qxc6 54. a6 c3 55. a7 Qb7+
0-1

[Event "2016 Standard Chess Dropout Tournament, Round 1"]
[Site "SchemingMind.com"]
[Date "2015.11.10"]
[Round "1"]
[White "wojowhiskey"]
[Black "KristianO"]
[Result "0-1"]
[WhiteCountry "USA"]
[BlackCountry "NOR"]
[WhiteElo "1465"]
[WhiteRD "85"]
[BlackElo "1745"]
[BlackRD "203"]
[GameID "390107"]

1. e4 e5 2. Nf3 Nc6 3. Bb5 a6 4. Ba4 Nf6 5. O-O Be7 6. Re1 b5 7. Bb3 d6 8. c3 O-O 9. d4 Bg4 10. h3 Bxf3
11. Qxf3 exd4 12. Bd2 Ne5 13. Qf5 c5 14. cxd4 cxd4 15. Bf4 g6 16. Qg5 Nxe4 17. Qh6 Ng5 18. Nd2 Nd3 19. Rxe7 Qxe7 20. Bxg5 Qe5
21. Nf3 Qf5 22. Nxd4 Qxf2+ 23. Kh1 Qxd4 24. Rf1 Nf2+ 25. Kh2 Rae8 26. Kg3 Ne4+ 27. Kh2 Nxg5 28. Qxg5 Qe5+ 29. Qg3 Qxg3+ 30. Kh1 Re1
31. Kg1 Qe3+ 32. Kh2 Rxf1
0-1

[Event "2016 Standard Chess Dropout Tournament, Round 1"]
[Site "SchemingMind.com"]
[Date "2015.11.10"]
[Round "1"]
[White "Yos"]
[Black "jbgood"]
[Result "1-0"]
[WhiteCountry "INA"]
[BlackCountry "CAN"]
[WhiteElo "2271"]
[WhiteRD "68"]
[BlackElo "1745"]
[BlackRD "73"]
[GameID "390108"]

1. c4 b6 2. Nc3 e6 3. d4 Nf6 4. e4 Bb7 5. Bd3 Bb4 6. Qc2 Nc6 7. Ne2 e5 8. d5 Nd4 9. Nxd4 exd4 10. a3 dxc3
11. axb4 cxb2 12. Bxb2 d6 13. f4 Qe7 14. O-O O-O-O 15. Rxa7 Ng4 16. Bd4 Qh4 17. h3 h5 18. c5 Qg3 19. hxg4 hxg4 20. c6 Rh3
21. cxb7+ Kb8 22. Ra8+ Kxb7 23. Qc6#
1-0

[Event "2016 Standard Chess Dropout Tournament, Round 2"]
[Site "SchemingMind.com"]
[Date "2016.03.16"]
[Round "2"]
[White "2curious"]
[Black "Holty"]
[Result "1-0"]
[WhiteCountry "USA"]
[BlackCountry "ENG"]
[WhiteElo "2141"]
[WhiteRD "108"]
[BlackElo "1806"]
[BlackRD "60"]
[GameID "396819"]

1. d4 d5 2. c4 c6 3. Nc3 e6 4. Nf3 dxc4 5. a4 Bb4 6. e4 b5 7. Be2 Nf6 8. Qc2 Bb7 9. O-O a6 10. e5 Nd5
11. Ne4 Be7 12. Bg5 h6 13. Bxe7 Qxe7 14. Nd6+ Kd8 15. Nd2 Kc7 16. N2e4 Nd7 17. b3 cxb3 18. Qxb3 f6 19. Rfc1 fxe5 20. axb5 Rhb8
21. dxe5 Nxe5 22. Qg3 Qf8 23. Qxe5 Nf4 24. Nc4+ Kd7 25. Nc5+ Ke7 26. Bf3 axb5 27. Rxa8 Bxa8 28. Qc7+
1-0

[Event "2016 Standard Chess Dropout Tournament, Round 2"]
[Site "SchemingMind.com"]
[Date "2016.03.15"]
[Round "2"]
[White "Aba"]
[Black "D O Vaughan"]
[Result "0-1"]
[WhiteCountry "ISR"]
[BlackCountry "WLS"]
[WhiteElo "1776"]
[WhiteRD "66"]
[BlackElo "2150"]
[BlackRD "120"]
[GameID "396820"]

1. e4 e6 2. d4 d5 3. Nc3 Bb4 4. e5 c5 5. a3 Bxc3+ 6. bxc3 Ne7 7. Nf3 Qa5 8. Bd2 c4 9. Qb1 Nbc6 10. a4 Bd7
11. Ra2 Nc8 12. Qb5 a6 13. Qxa5 Nxa5 14. Be2 Nb6 15. h4 Nxa4 16. Bc1 b5 17. Bd2 Nc6 18. g3 h6 19. Nh2 Ke7 20. f4 Rhb8
21. Kf2 Kd8 22. Bh5 Be8 23. Be2 Nb6 24. Bc1 a5 25. Bd2 b4 26. Rb1 bxc3 27. Bxc3 Nb4 28. Bxb4 axb4 29. Rxa8 Nxa8 30. Nf3 Kc8
31. Ke3 Rb5 32. Ra1 Kb7 33. Nd2 Nc7 34. Ra2 Rb6 35. Bd1 Nb5 36. Be2 Nc3 37. Ra1 Bb5 38. Bh5 g6 39. Bf3 Ra6 40. Rxa6 Kxa6
41. g4 Ba4 42. h5 gxh5 43. g5 hxg5 44. fxg5 h4 45. Bh5 h3 46. Kf2 Bxc2 47. Bxf7 Ne4+ 48. Nxe4 Bxe4 49. g6 Bxg6 50. Bxe6 b3
51. Bxd5 Kb5
0-1

[Event "2016 Standard Chess Dropout Tournament, Round 2"]
[Site "SchemingMind.com"]
[Date "2016.03.14"]
[Round "2"]
[White "Abstract Actuary"]
[Black "Stephen Woodhouse"]
[Result "1/2-1/2"]
[WhiteCountry "USA"]
[BlackCountry "ENG"]
[WhiteElo "1838"]
[WhiteRD "74"]
[BlackElo "1824"]
[BlackRD "49"]
[GameID "396821"]

1. d4 e6 2. c4 d5 3. Nc3 c5 4. cxd5 exd5 5. Nf3 Nc6 6. g3 Nf6 7. Bg2 Be7 8. O-O O-O 9. dxc5 Bxc5 10. Bg5 d4
11. Bxf6 Qxf6 12. Nd5 Qd8 13. Nd2 Re8 14. Rc1 Bb6 15. Nc4 Bg4 16. Re1 Ba5 17. Nxa5 Qxa5 18. b4 Nxb4 19. Qxd4 Nxd5 20. Qxg4 Nf6
21. Qc4 Rab8 22. Red1 b5 23. Qc2 Red8=
1/2-1/2

[Event "2016 Standard Chess Dropout Tournament, Round 2"]
[Site "SchemingMind.com"]
[Date "2016.03.18"]
[Round "2"]
[White "Alessandro Dotti Contra"]
[Black "emvarela"]
[Result "1-0"]
[WhiteCountry "ITA"]
[BlackCountry "ARG"]
[WhiteElo "2029"]
[WhiteRD "98"]
[BlackElo "1695"]
[BlackRD "48"]
[GameID "396822"]

1. e4 e5 2. Nf3 Nc6 3. Bb5 a6 4. Bxc6 dxc6 5. O-O Bd6 6. d4 exd4 7. Qxd4 f6 8. Nc3 Qe7 9. Re1 Be5 10. Qd3 Qd6
11. Bd2 Qxd3 12. cxd3 Bxc3 13. bxc3 Bd7 14. a4 O-O-O 15. d4 Ne7 16. h3 g5 17. e5 fxe5 18. Bxg5 Rde8 19. Nxe5 Rhg8 20. Bxe7 Rxe7
21. g4 Rge8 22. f4 Be6 23. f5 Bd5 24. f6 Re6 25. f7 Rf8 26. c4 Bxc4 27. Nxc4
1-0

[Event "2016 Standard Chess Dropout Tournament, Round 2"]
[Site "SchemingMind.com"]
[Date "2016.03.19"]
[Round "2"]
[White "Apatchenlama"]
[Black "kenneth m day"]
[Result "1-0"]
[WhiteCountry "GER"]
[BlackCountry "USA"]
[WhiteElo "1998"]
[WhiteRD "80"]
[BlackElo "1716"]
[BlackRD "52"]
[GameID "396823"]

1. d4 d5 2. c4 e6 3. Nf3 Nf6 4. g3 Nc6 5. Bg2 dxc4 6. Qa4 Bd7 7. Qxc4 Bd6 8. O-O O-O 9. Nc3 a6 10. Rd1 b5
11. Qd3 Rb8 12. Bg5 Be7 13. Rac1 h6 14. Bxf6 Bxf6 15. Ne4 Be7 16. a3 Bc8 17. Rxc6 Bb7 18. Rc2 Qd5 19. Ne5 Qd8 20. Nc6 Bxc6
21. Rxc6 Rb6 22. Qc2 f5 23. Nc5 Rxc6 24. Bxc6 Qd6 25. Bg2 c6 26. Nxa6 c5 27. Nxc5 Rc8 28. Qb3 Kf7 29. Nxe6
1-0

[Event "2016 Standard Chess Dropout Tournament, Round 2"]
[Site "SchemingMind.com"]
[Date "2016.03.19"]
[Round "2"]
[White "Apocalypse"]
[Black "chesshub"]
[Result "1/2-1/2"]
[WhiteCountry "USA"]
[BlackCountry "FRA"]
[WhiteElo "2480"]
[WhiteRD "101"]
[BlackElo "2560"]
[BlackRD "83"]
[GameID "396824"]

1. d4 Nf6 2. Nf3 e6 3. e3 c5 4. c4 d5 5. cxd5 exd5 6. Bb5+ Bd7 7. Bxd7+ Nbxd7 8. dxc5 Nxc5 9. O-O Be7 10. Nc3 O-O
11. b3 Nce4 12. Ne2 Rc8 13. Bb2 Bd6 14. Bxf6 Nxf6 15. Qd3 Qe7 16. Rfd1 Ba3 17. Nf4 Rfd8 18. Rd2 g6 19. Rf1 Bd6 20. g3 Qe4
21. Qe2 Bb8 22. Rd4 Qc2 23. Qb5 b6 24. Qa6 Kg7 25. Nd3 Qc6 26. Kg2 Qe6 27. Rc1 Rxc1 28. Nxc1 Rc8 29. Ne2 Rc5 30. Nf4 Qc6
31. Nd3 Rc3 32. Nb4 Qa8 33. g4 g5 34. h4 h6 35. Rd3 Rc1 36. Qa3 Rc5 37. Na6 Rc2 38. Nd4 Be5 39. Qe7 Bxd4 40. Rxd4 Ne4
41. Qe5+ Kg8 42. Nb4 Rxf2+ 43. Kg1 Qc8 44. Rxe4 Qc1+ 45. Kxf2 Qd2+ 46. Kg3 Qe1+ 47. Kg2 Qe2+ 48. Kh1 Qf1+=
1/2-1/2

[Event "2016 Standard Chess Dropout Tournament, Round 2"]
[Site "SchemingMind.com"]
[Date "2016.03.17"]
[Round "2"]
[White "Black Five"]
[Black "pmdpsp"]
[Result "0-1"]
[WhiteCountry "WLS"]
[BlackCountry "GER"]
[WhiteElo "1821"]
[WhiteRD "123"]
[BlackElo "1741"]
[BlackRD "97"]
[GameID "396825"]

1. d4 d5 2. c4 dxc4 3. Nf3 c6 4. e3 Be6 5. Nc3 Nf6 6. Be2 g6 7. Ne5 b5 8. Bf3 Nd5 9. O-O Bg7 10. h3 Qc7
11. Ng4 h5 12. Nh2 g5 13. Bxh5 Nf6 14. Be2 Nbd7 15. b3 b4 16. Na4 c3 17. a3 a5 18. Re1 Ne4 19. Bf3 f5 20. Nf1 Ndf6
0-1

[Event "2016 Standard Chess Dropout Tournament, Round 2"]
[Site "SchemingMind.com"]
[Date "2016.03.17"]
[Round "2"]
[White "Mike Winslow"]
[Black "pengle"]
[Result "1-0"]
[WhiteCountry "USA"]
[BlackCountry "USA"]
[WhiteElo "1970"]
[WhiteRD "90"]
[BlackElo "1703"]
[BlackRD "85"]
[GameID "396826"]

1. d4 d5 2. c4 c6 3. Nf3 e6 4. Nc3 Bb4 5. e3 Nf6 6. Bd2 b6 7. cxd5 cxd5 8. Qa4+ Bd7 9. Qxb4 a5 10. Qd6 Nc6
11. Bb5 Qc8 12. Bxc6 Bxc6 13. Ne5 Bd7 14. Nxd7 Qxd7 15. Qxd7+ Nxd7 16. O-O O-O 17. Rac1 f5 18. Nb5 Rf6 19. Rc7 Nf8 20. Rfc1 h6
21. Rb7 Ng6 22. Rxb6 h5 23. Rcc6 Nf8 24. a4 g5 25. Nc7 Ra7 26. Nxd5 Rg6 27. Nc7 h4 28. Nxe6 Nxe6 29. Rxe6 Rxe6 30. Rxe6
1-0

[Event "2016 Standard Chess Dropout Tournament, Round 2"]
[Site "SchemingMind.com"]
[Date "2016.03.19"]
[Round "2"]
[White "Brian Pott"]
[Black "Buckaroo Bob"]
[Result "1/2-1/2"]
[WhiteCountry "AUS"]
[BlackCountry "USA"]
[WhiteElo "2229"]
[WhiteRD "84"]
[BlackElo "2295"]
[BlackRD "97"]
[GameID "396827"]

1. e4 c5 2. Nf3 d6 3. Bb5+ Nd7 4. O-O a6 5. Be2 Ngf6 6. Nc3 g6 7. Re1 Bg7 8. a4 O-O 9. h3 Qa5 10. d4 cxd4
11. Qxd4 Ne5 12. Bd2 Nc6 13. Qe3 Bd7 14. Rab1 Rfc8 15. b3 Qc7 16. Nd5 Nxd5 17. exd5 Ne5 18. c4 Nxf3+ 19. Bxf3 Re8 20. Rbc1 Rac8
21. Rcd1 Qc5 22. Qxc5 Rxc5 23. Bg4 f5 24. Be2 Kf7 25. f4 Rcc8 26. Kf1 Bf6 27. g3 h5 28. h4 Rb8 29. Kf2 Rec8 30. Ke3 b6
31. Bb4 Rc7 32. Bf1 Rcb7 33. Re2 Rc8 34. Kf3 Kf8 35. Rde1 Be8 36. Re3 Bf7 37. Rd3 Be8 38. Ree3 Bf7=
1/2-1/2

[Event "2016 Standard Chess Dropout Tournament, Round 2"]
[Site "SchemingMind.com"]
[Date "2016.03.15"]
[Round "2"]
[White "Brian_Jones"]
[Black "Yos"]
[Result "0-1"]
[WhiteCountry "AUS"]
[BlackCountry "INA"]
[WhiteElo "2368"]
[WhiteRD "119"]
[BlackElo "2489"]
[BlackRD "76"]
[GameID "396828"]

1. d4 c5 2. d5 Nf6 3. c4 b5 4. a4 Qa5+ 5. Bd2 b4 6. Qc2 d6 7. e4 g6 8. f4 Bg7 9. Nf3 O-O 10. Bd3 Qc7
11. O-O Nbd7 12. h3 e6 13. Re1 Re8 14. Be3 exd5 15. exd5 Nh5 16. Nbd2 Bh6 17. Ne4 f5 18. Neg5 Nf8 19. Kh2 Rb8 20. Rab1= Bg7
21. Nd2 h6 22. Ngf3 Qf7 23. Re2 Bd7 24. b3 Rxe3 25. Rxe3 Nxf4 26. Rbe1 Bf6 27. g3 Nxd3 28. Qxd3 g5 29. R3e2 Kg7 30. Kh1 Ng6
31. Re6 Be7 32. R6e2 Rf8 33. Qe3 Bf6 34. Qf2 Bc3 35. Rf1 Qf6 36. Qg1 h5 37. h4 g4 38. Ng5 Bxd2 39. Rxd2 Qc3 40. Rdd1 Re8
41. Ne6+ Rxe6 42. dxe6 Bc6+ 43. Kh2 Nxh4
0-1

[Event "2016 Standard Chess Dropout Tournament, Round 2"]
[Site "SchemingMind.com"]
[Date "2016.03.18"]
[Round "2"]
[White "Robert Bruce"]
[Black "Selwyn"]
[Result "0-1"]
[WhiteCountry "SCO"]
[BlackCountry "AUS"]
[WhiteElo "2232"]
[WhiteRD "64"]
[BlackElo "2608"]
[BlackRD "98"]
[GameID "396829"]

1. d4 Nf6 2. Nf3 e6 3. e3 c5 4. Bd3 d5 5. b3 Nc6 6. O-O Be7 7. Bb2 O-O 8. Nbd2 b6 9. Ne5 Bb7 10. f4 Nb4
11. Rf3 Nxd3 12. cxd3 c4 13. dxc4 dxc4 14. Rg3 cxb3 15. axb3 a5 16. Qe2 g6 17. Ba3 Bxa3 18. Rxa3 Rc8 19. Nec4 b5 20. Nxa5 Rc1+
21. Nf1 Bd5 22. Qb2 Qc7 23. b4 Rc2 24. Qa1 Ne4 25. Rf3 Rc8 26. Qe1 Rb2 27. Nb3 Bxb3 28. Rxb3 Rxb3 29. Qd1 Qc2 30. Qxc2 Rxc2
31. h3 Rbb2 32. g4 Rxb4 33. f5 Rb1 34. fxe6 fxe6 35. Rf4 Ng5
0-1

[Event "2016 Standard Chess Dropout Tournament, Round 2"]
[Site "SchemingMind.com"]
[Date "2016.03.19"]
[Round "2"]
[White "Buckaroo Bob"]
[Black "Helga1946"]
[Result "1-0"]
[WhiteCountry "USA"]
[BlackCountry "GER"]
[WhiteElo "2362"]
[WhiteRD "99"]
[BlackElo "2311"]
[BlackRD "78"]
[GameID "396830"]

1. Nf3 d5 2. d4 c6 3. c4 dxc4 4. e3 Be6 5. Nbd2 b5 6. a4 Qa5 7. Be2 Bf5 8. O-O e6 9. Nh4 Ne7 10. Ndf3 Be4
11. Ng5 Bg6 12. e4 Qc7 13. f4 Qd7 14. Bg4 f5 15. exf5 exf5 16. Bf3 Bf7 17. axb5 Bg8 18. Re1 Kd8 19. Qa4 Nd5 20. Re5 cxb5
21. Qa5+ Kc8 22. Nxf5 a6 23. Ne3 Nc6 24. Nxd5 Bxd5 25. Rxd5 Nxa5 26. Rxd7 Kxd7 27. Bxa8 Be7 28. Rxa5 Rxa8 29. Nxh7 Bb4 30. Ra2 Kd6
31. Ng5 Kd5 32. Be3 a5 33. Kf2 a4 34. Kf3 Be7 35. Ne4 b4 36. Ra1 a3 37. bxa3 c3 38. Rc1 Rxa3 39. f5 Kc4 40. g4 Ra5
41. Bf4 Kxd4 42. Rd1+ Kc4 43. Rd7 Bf8 44. h4 Rd5 45. Rc7+ Kb3 46. h5 Kc2 47. f6 gxf6 48. h6 Bxh6 49. Bxh6 Rd3+ 50. Ke2 Rd4
51. Nf2 Rd5 52. Bg7 Re5+ 53. Kf3 Re6 54. Ne4 Kb1 55. Rb7 Rc6 56. Rxb4+ Ka2 57. Nxc3+ Rxc3+ 58. Kf4
1-0

[Event "2016 Standard Chess Dropout Tournament, Round 2"]
[Site "SchemingMind.com"]
[Date "2016.03.15"]
[Round "2"]
[White "CapuzziG"]
[Black "FransEvers"]
[Result "1/2-1/2"]
[WhiteCountry "ITA"]
[BlackCountry "NED"]
[WhiteElo "1842"]
[WhiteRD "97"]
[BlackElo "1855"]
[BlackRD "118"]
[GameID "396831"]

1. Nf3 Nf6 2. c4 g6 3. b3 Bg7 4. Bb2 O-O 5. d4 d6 6. g3 b6 7. Bg2 Bb7 8. O-O Re8 9. Nbd2 c5 10. d5 e6
11. dxe6 fxe6 12. Qc2 Nc6 13. Rad1 d5 14. e3 Qe7 15. Rfe1 Rad8 16. cxd5 exd5 17. a3 Ne4 18. Bxg7 Kxg7 19. Qb2+ Qf6 20. Qxf6+ Kxf6
21. h4 Nxd2 22. Nxd2 Ne5 23. Nb1 Re7 24. Nc3 d4 25. Bxb7 Rxb7 26. Ne4+ Kf5 27. Nd2 Rbd7 28. e4+ Ke6 29. Kg2 Rf8 30. f4 Ng4
31. Nf1 h5 32. Rd3 Rc8 33. Kf3 Rf8 34. Kg2 Rff7 35. e5 a6 36. Nd2 Ne3+ 37. Kf3 b5 38. Rc1 Rd5 39. Ke2 Rc7 40. Nf3 Nf5
41. Ng5+ Ke7 42. Ne4 c4 43. bxc4 Rxc4 44. Rcd1 a5 45. R1d2 b4 46. axb4 Rxb4 47. Ra2 a4 48. Nc3 Ra5 49. Ne4 Rb1=
1/2-1/2

[Event "2016 Standard Chess Dropout Tournament, Round 2"]
[Site "SchemingMind.com"]
[Date "2016.03.19"]
[Round "2"]
[White "clare1347"]
[Black "William Lindberg"]
[Result "1/2-1/2"]
[WhiteCountry "ENG"]
[BlackCountry "USA"]
[WhiteElo "2239"]
[WhiteRD "83"]
[BlackElo "2320"]
[BlackRD "66"]
[GameID "396833"]

1. d4 Nf6 2. Nf3 d5 3. c4 e6 4. Nc3 Be7 5. Bf4 O-O 6. e3 Nc6 7. a3 Nh5 8. Bg3 Na5 9. c5 a6 10. Ne5 g6
11. b4 Nxg3 12. hxg3 Nc6 13. Nxc6 bxc6 14. Qa4 Bd7 15. Bd3 Bf6 16. f4 Bg7 17. Kd2 Qe7 18. Raf1 h5 19. Rh2 Rfb8 20. Qa5 Ra7
21. Ne2 Be8 22. Rh4 Rd8 23. Ng1 f6 24. g4 g5 25. Rh2 gxf4 26. exf4 hxg4 27. Ne2 f5 28. Rfh1 Qf6 29. Rh4 Bg6 30. Kc2 Rb8
31. g3 Kf7 32. Kb3 Qe7 33. Kc3 Re8 34. R4h2 Kg8 35. Bc2 Rb8=
1/2-1/2

[Event "2016 Standard Chess Dropout Tournament, Round 2"]
[Site "SchemingMind.com"]
[Date "2016.03.15"]
[Round "2"]
[White "cnile"]
[Black "2curious"]
[Result "0-1"]
[WhiteCountry "SCO"]
[BlackCountry "USA"]
[WhiteElo "1501"]
[WhiteRD "73"]
[BlackElo "2143"]
[BlackRD "112"]
[GameID "396834"]

1. e4 e5 2. Nf3 Nc6 3. Bb5 f5 4. d3 fxe4 5. dxe4 Nf6 6. Qe2 Bb4+ 7. c3 Bc5 8. Bg5 d6 9. h3 Bd7 10. Nbd2 h6
11. Bh4 a6 12. Ba4 Qe7 13. O-O-O O-O-O 14. Bc2 Kb8 15. Kb1 Rhg8 16. g4 g5 17. Bg3 h5 18. Rdg1 hxg4 19. hxg4 Bxg4 20. Qc4 Nh5
21. Bxe5 Nxe5 22. Qd5 Be6 23. Qxc5 dxc5 24. Rxh5 Qf6
0-1

[Event "2016 Standard Chess Dropout Tournament, Round 2"]
[Site "SchemingMind.com"]
[Date "2016.03.14"]
[Round "2"]
[White "Andrea Carra"]
[Black "fu_manchu"]
[Result "1-0"]
[WhiteCountry "ITA"]
[BlackCountry "CAN"]
[WhiteElo "2043"]
[WhiteRD "113"]
[BlackElo "1810"]
[BlackRD "75"]
[GameID "396835"]

1. d4 Nf6 2. c4 e6 3. Nc3 Bb4 4. Qc2 O-O 5. a3 Bxc3+ 6. Qxc3 b6 7. Bg5 Bb7 8. f3 d6 9. e3 h6 10. Bh4 Nc6
11. Bd3 g5 12. Bg3 Qe7 13. Ne2 e5 14. d5 Nb8 15. Bf5 Nbd7 16. h4 Nh5 17. Bf2 Ng7 18. e4 Nxf5 19. exf5 e4 20. hxg5 exf3
21. gxf3 Ne5 22. O-O-O Qxg5+ 23. f4 Qxf5 24. fxe5 Qxf2 25. Rdg1+ Kh7 26. Rxh6+ Kxh6 27. Qh3+ Qh4 28. Qxh4#
1-0

[Event "2016 Standard Chess Dropout Tournament, Round 2"]
[Site "SchemingMind.com"]
[Date "2016.03.15"]
[Round "2"]
[White "D O Vaughan"]
[Black "edg"]
[Result "1-0"]
[WhiteCountry "WLS"]
[BlackCountry "USA"]
[WhiteElo "2132"]
[WhiteRD "121"]
[BlackElo "1711"]
[BlackRD "59"]
[GameID "396836"]

1. e4 c6 2. d4 d5 3. exd5 cxd5 4. c4 dxc4 5. Bxc4 Nf6 6. Nf3 e6 7. Nc3 a6 8. a4 Qc7 9. Qe2 Bd6 10. O-O O-O
11. Bg5 Ne8 12. Bd3 Be7 13. Nd5 exd5 14. Bxe7 g6 15. Rfe1 Bd7 16. Bxf8 Kxf8 17. Qe7+ Kg8 18. Ne5 Nd6 19. Rac1 Nc6 20. Qxd7 Qxd7
21. Nxd7 Rd8 22. Nf6+ Kg7 23. Nxd5 Nc8 24. Ne3 Rxd4 25. Bxa6 N8e7 26. Bxb7 Na5 27. Rc7 Nf5 28. Nxf5+ gxf5 29. h3 Rc4 30. Rxc4 Nxc4
31. b4 Nd6 32. a5 Nxb7 33. a6
1-0

[Event "2016 Standard Chess Dropout Tournament, Round 2"]
[Site "SchemingMind.com"]
[Date "2016.03.17"]
[Round "2"]
[White "dhoustonsmith"]
[Black "flammablepawn"]
[Result "1-0"]
[WhiteCountry "USA"]
[BlackCountry "USA"]
[WhiteElo "1760"]
[WhiteRD "112"]
[BlackElo "1815"]
[BlackRD "89"]
[GameID "396837"]

1. d4 e6 2. e4 d5 3. Nc3 Nf6 4. Bg5 dxe4 5. Nxe4 Be7 6. Bxf6 Bxf6 7. Nxf6+ Qxf6 8. c3 O-O 9. Nf3 Nd7 10. Bd3 e5
11. O-O exd4 12. Nxd4 Ne5 13. Be4 Rb8 14. b4 Bg4 15. Qa4 a6 16. Rae1 Nc4 17. f3 Bh5 18. Qd7 Qb6 19. Qd5 Nd2 20. Qxh5 g6
21. Qg5 Nxf1 22. Kxf1 Rbd8 23. h4 Rxd4 24. cxd4 Qxb4 25. Qc5 Qxc5 26. dxc5 b6 27. Bc2 Rd8 28. Re7 Rc8 29. c6
1-0

[Event "2016 Standard Chess Dropout Tournament, Round 2"]
[Site "SchemingMind.com"]
[Date "2016.03.15"]
[Round "2"]
[White "Diadoco"]
[Black "Brian_Jones"]
[Result "1/2-1/2"]
[WhiteCountry "MEX"]
[BlackCountry "AUS"]
[WhiteElo "1986"]
[WhiteRD "100"]
[BlackElo "2396"]
[BlackRD "129"]
[GameID "396838"]

1. e4 c5 2. Nf3 Nc6 3. d4 cxd4 4. Nxd4 Nf6 5. Nc3 e5 6. Ndb5 d6 7. Bg5 a6 8. Na3 b5 9. Nd5 Be7 10. Bxf6 Bxf6
11. c3 O-O 12. Nc2 Bg5 13. a4 bxa4 14. Rxa4 a5 15. Bc4 Rb8 16. b3 Kh8 17. Nce3 Ne7 18. Nxe7 Qxe7 19. Nd5 Qd8 20. O-O f5
21. exf5 Bxf5 22. Qe2 Bd7 23. Ra2 Be6 24. Rd1 Rc8=
1/2-1/2

[Event "2016 Standard Chess Dropout Tournament, Round 2"]
[Site "SchemingMind.com"]
[Date "2016.03.19"]
[Round "2"]
[White "Dom P"]
[Black "Mekk"]
[Result "1/2-1/2"]
[WhiteCountry "ENG"]
[BlackCountry "POL"]
[WhiteElo "1500"]
[WhiteRD "92"]
[BlackElo "1819"]
[BlackRD "104"]
[GameID "396839"]

1. e4 e6 2. Nf3 d5 3. exd5 exd5 4. Qe2+ Qe7 5. Nc3 Nf6 6. d4 Bg4 7. Be3 Nc6 8. Qb5 O-O-O 9. Qa4 Bxf3 10. gxf3 Qb4
11. O-O-O Qxa4 12. Nxa4 Bd6 13. Rd3 Nb4 14. Bh3+ Kb8 15. Rb3 Ka8 16. Nc5 Bxc5 17. dxc5 Nc6 18. Rd1 Nd7 19. Rxd5 Ndb8 20. Rxd8 Rxd8
21. a3=
1/2-1/2